Základy manažmentu a podnikania /
Saved in:
| Main Authors: | , , , |
|---|---|
| Other Authors: | , |
| Format: | Book |
| Language: | Slovak |
| Published: |
Bratislava :
Nakladateľstvo STU,
2015
|
| Edition: | 1. vyd. |
| Tags: |
No Tags, Be the first to tag this record!
|
MARC
| LEADER | 00000nam a22000003a 4500 | ||
|---|---|---|---|
| 001 | 0010173 | ||
| 003 | SK-STU | ||
| 005 | 20230511100901.2 | ||
| 007 | ta | ||
| 008 | 151214s ----xo-----e------000-0-----d | ||
| 020 | |a 978-80-227-4118-7 | ||
| 040 | |a STU |b slo | ||
| 041 | 0 | |a slo | |
| 044 | |a xo | ||
| 080 | |a 65 | ||
| 100 | 1 | |a Špirková, Daniela, |d 1961- |u R2020 |r Z1 |4 aut |9 40 |U Ostatné univerzitné pracoviská |T Ústav manažmentu STU |X 648 |U R2020 |Y 232 |7 A000000648 | |
| 245 | 1 | 0 | |a Základy manažmentu a podnikania / |c aut. Daniela Špirková |
| 250 | |a 1. vyd. | ||
| 260 | |a Bratislava : |b Nakladateľstvo STU, |c 2015 | ||
| 300 | |a 239 s. | ||
| 700 | 1 | |a Machajdíková, Jarmila, |d 1955- |u R2020 |r Z3 |4 aut |9 20 |U Ostatné univerzitné pracoviská |T Ústav manažmentu STU |X 7942 |U R2020 |Y 232 |7 A000007942 | |
| 700 | 1 | |a Glatz ( Ďurechová), Mária, |d 1952- |u R2020 |r Z1 |4 aut |9 10 |U Ostatné univerzitné pracoviská |T Ústav manažmentu STU |X 60302 |U R2020 |Y 232 |7 60302 | |
| 700 | 1 | |a Zajko, Marián, |d 1950- |u R2020 |r Z1 |4 aut |9 30 |U Ostatné univerzitné pracoviská |T Ústav manažmentu STU |X 5144 |U R2020 |Y 232 |7 5144 | |
| 700 | 1 | |a Bajzíková, Ľubica |4 rev | |
| 700 | 1 | |a Cagáňová, Dagmar, |d 1971- |u M4000 |r Z1 |4 rev |U MTF Materiálovotechnologická fakulta |T MTF Ústav priemyselného inžinierstva a manažmentu |X 2785 |U M4000 |Y 84 |7 A000002785 | |
| 996 | |b 284EK89595 |c E*89595 |l EE01 |s A |a 24 |w 0010173_0001 | ||
| 996 | |b 284EK89596 |c E*89596 |l EE01 |s A |a 24 |w 0010173_0002 | ||
| 996 | |b 284EK89597 |c E*89597 |l EE01 |s A |a 24 |w 0010173_0003 | ||
| 996 | |b 284EK89598 |c E* 89598 |l EE01 |s A |a 24 |w 0010173_0004 | ||
| 996 | |b 284EK89599 |c E* 89599 |l EE01 |s A |a 24 |w 0010173_0005 | ||
| 996 | |b 284EK89600 |c E* 89600 |l EE01 |s A |a 24 |w 0010173_0006 | ||
| 996 | |b 284EK89601 |c E* 89601 |l EE01 |s A |a 24 |w 0010173_0007 | ||
| 996 | |b 284EK89602 |c E* 89602 |l EE01 |s A |a 24 |w 0010173_0008 | ||
| 996 | |b 284EK89603 |c E* 89603 |l EE01 |s A |a 24 |w 0010173_0009 | ||
| 996 | |b 284EK89605 |c E* 89605 |l EE01 |s A |a 24 |w 0010173_0011 | ||
| 996 | |b 284EK89607 |c E* 89607 |l EE01 |s A |a 24 |w 0010173_0013 | ||
| 996 | |b 284EK89609 |c E* 89609 |l EE01 |s A |a 24 |w 0010173_0015 | ||
| 996 | |b 284EK89610 |c E* 89610 |l EE01 |s A |a 24 |w 0010173_0016 | ||
| 996 | |b 284EK89611 |c E* 89611 |l EE01 |s A |a 24 |w 0010173_0017 | ||
| 996 | |b 284EK89612 |c E* 89612 |l EE01 |s A |a 24 |w 0010173_0018 | ||
| 996 | |b 284EK89613 |c E*89613 |l EE0101 |s P |a 0 |w 0010173_0019 | ||
| 996 | |b 284EK89614 |c E* 89614 |l EE01 |s A |a 24 |w 0010173_0020 | ||
| 996 | |b 284EK89615 |c E* 89615 |l EE01 |s A |a 24 |w 0010173_0021 | ||
| 996 | |b 284EK89616 |c E* 89616 |l EE01 |s A |a 24 |w 0010173_0022 | ||
| 996 | |b 284EK89617 |c E* 89617 |l EE01 |s A |a 24 |w 0010173_0023 | ||